Návrh technológie výroby rúr zváraním : Bakalárske práce

Enregistré dans:
Détails bibliographiques
Auteur principal: Rosa, Roman (Auteur)
Autres auteurs: Turňa, Milan (xxx)
Format: Manuscrit Livre
Langue:slovaque
Publié: Trnava : STU v Bratislave MtF KZv, 2006
Sujets:
Tags: Ajouter un tag
Pas de tags, Soyez le premier à ajouter un tag!

MARC

LEADER 00000ntm a22000003a 4500
001 stu130946
005 20160719155612.2
008 061207s2006----xo------------------slo-d
040 |a STU  |b slo 
041 0 |a slo 
044 |a xo 
100 1 |a Rosa, Roman  |4 aut 
245 1 |a Návrh technológie výroby rúr zváraním :  |b Bakalárske práce 
260 |a Trnava :  |b STU v Bratislave MtF KZv,  |c 2006 
300 |a 64 s  |c príl (1 CD-ROM) 
650 7 |a technológie strojárskej výroby  |2 stusub 
650 7 |a zváranie  |2 stusub 
700 1 |a Turňa, Milan  |4 xxx  |u M3000  |U MTF Materiálovotechnologická fakulta  |T MTF Ústav výrobných technológií  |U M3000  |Y 83 
700 1 |a Kovačócy, Pavel,  |d 1967-  |4 csl  |u M3000  |U MTF Materiálovotechnologická fakulta  |T MTF Ústav výrobných technológií  |X 4171  |U M3000  |Y 83  |7 A000004171 
996 |b 284M075224  |c M*BP-2344  |l MMSKP  |s P  |a 0  |w stu130946_0001